MARC

LEADER 00000nam2a2200000 4500
001 359656
005 20231102011217.0
035 |a (RuTPU)RU\TPU\retro\16936 
090 |a 359656 
100 |a 20201126d1933 m y0rusy50 ca 
101 0 |a rus 
102 |a RU 
105 |a acf z 001zd 
200 0 |a Т. 1  |f под ред. Я. С. Ганецкого, Н. Л. Мещерякова, М. А. Савельева 
210 |d 1933 
215 |a XLIX, 420 с.  |c ил. 
300 |a Раздельная пагинация страниц  
320 |a Указ. имен: с. 414-417 
461 1 |0 (RuTPU)RU\TPU\retro\16935  |t Сочинения  |o [в 3 т.]  |f В. В. Воровский  |g Институт Маркса - Энгельса - Ленина (ИМЭЛ)  |v Т. 1  |d 1931-1933 
600 1 |a Маркс  |g Карл  |b К.  |c немецкий мыслитель  |c общественный деятель  |c основоположник марксизма  |f 1818-1883  |2 stltpush  |3 (RuTPU)RU\TPU\pers\297 
600 1 |a Воровский  |b В. В.  |c российский политический деятель  |c публицист  |f 1871-1923  |g Вацлав Вацлавович  |2 stltpush  |3 (RuTPU)RU\TPU\pers\13128  |9 3812 
604 |1 2001  |a Коммунистический манифест  |f К. Маркс  |1 700 1  |a Маркс  |g Карл  |b К.  |c немецкий мыслитель  |c общественный деятель  |c основоположник марксизма  |f 1818-1883  |2 stltpush  |3 (RuTPU)RU\TPU\pers\297 
606 1 |a Марксизм-ленинизм  |x Философия  |2 stltpush  |3 (RuTPU)RU\TPU\subj\41050  |9 60869 
610 1 |a общественная мысль 
610 1 |a Россия 
610 1 |a 20 век 
610 1 |a философия 
610 1 |a революционеры 
610 1 |a биографические данные 
610 1 |a сочинения 
610 1 |a литературная критика 
610 1 |a письма 
610 1 |a социализм 
610 1 |a абсолютизм 
610 1 |a аграрная программа 
686 |a Ю0  |v LBC/SL-A  |2 rubbk 
702 1 |a Ганецкий  |b Я. С.  |g Яков Станиславович  |4 340 
702 1 |a Мещеряков  |b Н. Л.  |g Николай Леонидович  |4 340 
702 1 |a Савельев  |b М. А.  |g Максимилиан Александрович  |4 340 
801 1 |a RU  |b 63413507  |c 20201126 
801 2 |a RU  |b 63413507  |c 20201126  |g RCR 
942 |c BK